|
|
|
|
| LEADER |
00000nam a2200000 4500 |
| 001 |
vtls012154646 |
| 003 |
SK-MaSNL |
| 005 |
20260301151652.0 |
| 008 |
221123s1623 gw f 010 0 lat |
| 015 |
|
|
|a SNBHFA
|
| 040 |
|
|
|a SNKHF
|b slo
|c SNKHF
|e rda
|
| 041 |
0 |
|
|a lat
|
| 044 |
|
|
|a gw
|c DE
|
| 072 |
|
7 |
|a 09
|x Rukopisy, prvotlače, staré tlače. Vzácne a pozoruhodné diela
|2 konspekt
|
| 080 |
|
|
|a 099.3
|2 2001
|
| 100 |
1 |
|
|a Martini, Jakob,
|d 1570-1649
|4 aut
|4 dto
|9 100970
|
| 245 |
1 |
0 |
|a Jacobi Martini Profess. Academici Disputationes Apologētikai primae Parti Dusputationis de Persona, Adami GoslavI à Bebelno, Nobilis Poloni, Photiniani
|
| 246 |
3 |
0 |
|a Disputationes Apologētikai primae Parti
|
| 264 |
|
3 |
|a Wittebergae
|b Typis Christiani Tham, Acad. typogr.
|c Anno MDCXXIII (1623)
|
| 300 |
|
|
|a 4 nečíslované listy
|c 19 cm
|
| 336 |
|
|
|a text
|b txt
|2 rdacontent
|
| 337 |
|
|
|a bez média
|b n
|2 rdamedia
|
| 338 |
|
|
|a zväzok
|b nc
|2 rdacarrier
|
| 500 |
|
|
|a Titulný list v ornamentálnom rámčeku s alegóriou, linka, iniciálka s ornamentálnym pozadím vo voľnom priestore na 7 riadkov, kustody
|
| 501 |
|
|
|a Príväzok 1. k: FIDELIS Admonitio, De Religione Papistica Fugienda ... Wittebergae : Impensis Casparis Heyden Bibliopol. Typis Johannis Gormani, Anno MDCXXIV (1624)
|5 SNK SD 46327/1-20
|
| 508 |
|
|
|a Dedikácia: Senátori a senát mesta Norimberg
|
| 510 |
4 |
|
|a VD 17
|c 23:632575Z
|
| 546 |
|
|
|a Latinský text
|b Antikva
|b Kurzíva
|
| 650 |
0 |
7 |
|a dedikácie
|2 SNKPH
|9 122398
|
| 700 |
1 |
|
|a Goslavius, Adamus,
|d 1577-1642
|4 aut
|9 370928
|
| 700 |
1 |
|
|a Tham, Christian
|4 prt
|9 370930
|
| 710 |
2 |
|
|a Norimberg (Nemecko).
|b Senátori a senát mesta
|4 hnr
|9 510718
|
| 752 |
|
|
|a Nemecko
|d Wittenberg
|
| 852 |
|
|
|a snk
|p SD 46327/1-20/prív.1
|
| 958 |
|
|
|a ONDV
|
| 958 |
|
|
|a DC
|
| 999 |
|
|
|c 787271
|d 789201
|
| 952 |
|
|
|a SNK
|b SNK
|y PREZ
|7 0
|p 17A1485555
|o snkSD 46327/1-20/prív.1
|i snkF 240/77
|8 5
|0 0
|1 0
|4 0
|d 2022-11-23
|f 1
|l 0
|r 2026-02-24 01:24:41
|w 2026-02-24
|